000 00311 a2200157 4500
001 161766
020 _a
040 _cMagnum
100 _aRey, Marcos
240 1 0 _aQuem manda ja morreu
_lpor
245 1 0 _aQuem manda ja morreu
362 0 _a1899
440 1 _aÁtica
697 _aJ/GERAL
942 _cBK
999 _c161766
_d161766